000 00389nam a2200121Ia 4500
008 220217s9999 xx 000 0 und d
245 0 _aTesting of rubber and elastomers. Flexing endurance test: Definitions, apparatus, preparation of test pieces
260 _c1979
500 _aStandard number: DIN53 522 Part 1
650 _aElastomers
650 _aFlexing endurance test
942 _cST
999 _c73388
_d73388